ბათუმის შოთა რუსთაველის სახელმწიფო უნივერსიტეტის ბიბლიოთეკა

ზღვაური : (ბიბ.ჩანაწერი № 62753)

000 -LEADER
fixed length control field 00811nam a22001697a 4500
005 - DATE AND TIME OF LATEST TRANSACTION
control field 20250207103440.0
008 - FIXED-LENGTH DATA ELEMENTS--GENERAL INFORMATION
fixed length control field 250207r2012 ge ||||| |||| 00| 0 geo d
022 ## - INTERNATIONAL STANDARD SERIAL NUMBER
International Standard Serial Number 2233-3258
041 ## - LANGUAGE CODE
Language code of text/sound track or separate title geo
245 ## - TITLE STATEMENT
Title ზღვაური :
Remainder of title ლიტერატურული ალმანახი /
Statement of responsibility, etc. დამფუძნებელი ბათუმის მოსწავლე–ახალგაზრდობის სასახლე ; მთვარი რედაქტორი ბელა ქებურია.
260 ## - PUBLICATION, DISTRIBUTION, ETC.
Place of publication, distribution, etc. ბათუმი,
Date of publication, distribution, etc. 2012.
300 ## - PHYSICAL DESCRIPTION
Extent V.
653 ## - INDEX TERM--UNCONTROLLED
Uncontrolled term პერიოდიკა
653 ## - INDEX TERM--UNCONTROLLED
Uncontrolled term ლიტერატურა
700 ## - ADDED ENTRY--PERSONAL NAME
Personal name ქებურია, ბელა
Relator term მთავარი რედაქტორი
9 (RLIN) 24274
942 ## - ADDED ENTRY ELEMENTS (KOHA)
Source of classification or shelving scheme
Koha item type პერიოდიკა
ეგზემპლარები
Withdrawn status Lost status Source of classification or shelving scheme Damaged status Not for loan Permanent Location Current Location Shelving location Date acquired Serial Enumeration / chronology Barcode Date last seen Copy number Uniform Resource Identifier Price effective from Koha item type
          ბათუმის შოთა რუსთაველის სახელმწიფო უნივერსიტეტის მთავარი ბიბლიოთეკა ბათუმის შოთა რუსთაველის სახელმწიფო უნივერსიტეტის მთავარი ბიბლიოთეკა წიგნსაცავი 2025-02-07 #2 2012 81358 2025-02-07 81358 ნაჩუქარი 2025-02-07 პერიოდიკა
          ბათუმის შოთა რუსთაველის სახელმწიფო უნივერსიტეტის მთავარი ბიბლიოთეკა ბათუმის შოთა რუსთაველის სახელმწიფო უნივერსიტეტის მთავარი ბიბლიოთეკა წიგნსაცავი 2025-02-07 #2 2012 81357 2025-02-07 81357 ნაჩუქარი 2025-02-07 პერიოდიკა